00711 a2200169 45000010006000000050017000060080041000230030015000640400040000790800062001192450021001812500011002022640051002133000019002645050227002831000031005102771820260407155551.0260407a1975 arg spa dAR-UNSa-BCEJYS aAR-UNSa-BCEJYSbspacAR-UNSa-BCEJYS a657.45xOtras clases de cuentas (cuentas intangibles...) 10aLlave de Negocio a3a. ed 1aBuenos Aires :bEdiciones Macchi-Lópezc1975 a246 p.c23 cm. a1. Generalidades - 2. Valuación - 3. Amortización - 4. Llave de negocio creada - 5. Llave de negocio y contabilidad - 6. Impuesto a la transmisión gratuita de llave - 7. Impuestos a la transmisión onerosa de llave.1 aBértora, Héctor Raúl